نقش قد م (مکمل مجمو عہ ء سخن) (Record no. 148973)

MARC details
000 -LEADER
fixed length control field 00754nam a22001937a 4500
005 - DATE AND TIME OF LATEST TRANSACTION
control field 20210408162755.0
010 ## - LCCN (DPL NO)
LC control number UR-10008
020 ## - INTERNATIONAL STANDARD BOOK NUMBER
Terms of availability 500.00
International Standard Book Number -
035 ## - SYSTEM CONTROL NUMBER
System control number U-8563
037 ## - SOURCE OF ACQUISITION
Source of stock number/acquisition DBAD/PUB
100 ## - MAIN ENTRY--PERSONAL NAME
Personal name مسعود جا و ید ہا شمی
245 ## - TITLE STATEMENT
Title نقش قد م (مکمل مجمو عہ ء سخن)
Statement of responsibility, etc مسعود جا و ید ہا شمی
246 ## - VARYING FORM OF TITLE
Remainder of title Naqsh-e-Qadam
Title proper/short title by Masood Javed Hashmi
260 ## - PUBLICATION, DISTRIBUTION, ETC. (IMPRINT)
Place of publication, distribution, etc N. Delhi
Name of publisher, distributor, etc Murkazi Maktaba Islami Publishers
Date of publication, distribution, etc 2016
270 ## - ADDRESS
Address 307-Abul Fazal Enclave,Jamia Nagar
City N.Delhi
Postal code 110025
Telephone number 26970736
Fax number -
300 ## - PHYSICAL DESCRIPTION
Extent 605ص
Dimensions 22 Cm.(B.b)
500 ## - GENERAL NOTE
General note دو حصہ
942 ## - ADDED ENTRY ELEMENTS (KOHA)
Source of classification or shelving scheme Dewey Decimal Classification
Item type Urdu Bks
Classification part 841
Call number suffix ہ ا ش
Holdings
Withdrawn status Lost status Not for loan Collection code Home library Current library Date acquired Source of acquisition Cost, normal purchase price Full call number Barcode Copy number Cost, replacement price Koha item type
    Not For Loan Non-fiction D.B.Act.Division D.B.Act.Division 08/01/2018 DBAD/PUB. 500.00 841 ہ ا ش U-8563 1 500.00 Urdu Bks

© Delhi Public Library
Hit Counter
free hit counter